Heart of darkness and The Secret sharer
Αποθηκεύτηκε σε:
| Κύριος συγγραφέας: | |
|---|---|
| Μορφή: | Βιβλίο |
| Γλώσσα: | Spanish |
| Έκδοση: |
Nueva York, Estados Unidos
New American Library
1950
|
| Θέματα: | |
| Ετικέτες: |
Προσθήκη ετικέτας
Δεν υπάρχουν, Καταχωρήστε ετικέτα πρώτοι!
|
MARC
| LEADER | 00000nam a22000007a 4500 | ||
|---|---|---|---|
| 008 | 170626b xxu||||| |||| 00| 0 spa d | ||
| 040 | |a cru BVZT | ||
| 090 | |a 820 C-12he | ||
| 100 | |a Conrad, Joseph | ||
| 245 | |a Heart of darkness and The Secret sharer |c Joseph Conrad | ||
| 260 | |a Nueva York, Estados Unidos |b New American Library |c 1950 | ||
| 300 | |a 16 páginas | ||
| 650 | |a LITERATURA INGLESA | ||
| 650 | |a NOVELA | ||
| 999 | |c 15340 |d 15340 | ||
| 942 | |c 15 D |h 820 C-12he |2 z | ||
